Statistics for Top 10 Real Madrid Starting XI

Click here to take the quiz!

General Stats

  • This quiz has been taken 5,339 times
    (5,112 since last reset)
  • The average score is 29 of 47

Answer Stats

TeamPlayer% Correct
2009-10, 2010-11, 2011-12, 2013-14, 2014-15, 2015-16, 2016-17Cristiano Ronaldo
98%
2010-11, 2011-12, 2013-14, 2014-15, 2015-16, 2016-17, 2019-20, 2021-22Karim Benzema
97%
2009-10, 2010-11, 2011-12, 2013-14, 2014-15, 2015-16, 2016-17, 2019-20Sergio Ramos
97%
2009-10, 2010-11, 2011-12, 2014-15Iker Casillas
96%
2013-14, 2015-16, 2016-17, 2019-20, 2021-22Luka Modrić
96%
2013-14, 2014-15, 2015-16Gareth Bale
95%
2014-15, 2015-16, 2016-17, 2019-20, 2021-22Toni Kroos
95%
2015-16, 2016-17Keylor Navas
93%
2010-11, 2011-12, 2013-14, 2014-15Pepe
92%
2019-20, 2021-22Thibaut Courtois
92%
2009-10, 2010-11, 2011-12, 2013-14, 2014-15, 2015-16, 2016-17Marcelo
91%
2016-17, 2019-20, 2021-22Casemiro
88%
2015-16, 2016-17, 2019-20Raphaël Varane
88%
2013-14, 2014-15, 2016-17, 2019-20Dani Carvajal
87%
2021-22Vinicius Júnior
87%
2021-22David Alaba
85%
2019-20Eden Hazard
81%
2010-11, 2013-14Ángel Di María
80%
2014-15James Rodríguez
79%
2021-22Éder Militão
76%
2019-20, 2021-22Ferland Mendy
76%
2010-11, 2011-12Mesut Özil
74%
2014-15, 2015-16, 2016-17, 2019-20Isco
73%
2021-22Marco Asensio
73%
2009-10, 2010-11, 2011-12, 2013-14Xabi Alonso
68%
2010-11, 2011-12Sami Khedira
67%
2009-10Gonzalo Higuaín
65%
2009-10, 2011-12Kaká
61%
2009-10, 2011-12Álvaro Arbeloa
49%
1989-90Hugo Sánchez
49%
2021-22Lucas Vázquez
48%
2010-11Ricardo Carvalho
46%
1989-90Rafael Martín Vázquez
44%
2015-16Danilo
43%
2013-14Diego López
43%
1989-90Fernando Hierro
39%
2009-10Lassana Diarra
36%
2009-10Raúl Albiol
31%
1989-90Emilio Butragueño
27%
2009-10Esteban Granero
16%
1989-90Bernd Schuster
12%
1989-90Manolo Sanchís
9%
1989-90Francisco Buyo
8%
1989-90Míchel
8%
1989-90Chendo
5%
1989-90Oscar Ruggeri
5%
1989-90Rafael Gordillo
4%

Score Distribution

Percentile by Number Answered

Percent of People with Each Score

Your Score History

You have not taken this quiz since the last reset